Landmarks to Country - Statistics

General Stats
  • This quiz has been taken 52 times
    29 since last reset
  • The average score is 12 of 16
Answer Stats
Hint Answer % Correct
Machu Picchu Peru
100%
The Statue of Liberty USA
100%
The Taj Mahal India
96%
CN Tower Canada
92%
St. Basil’s Cathedral Russia
88%
Uluru Australia
85%
Mecca Saudi Arabia
81%
Sagrada Familia Spain
77%
Angel Falls Venezuela
69%
Angkor Wat Cambodia
65%
Petronas Towers Malaysia
65%
Table Mountain South Africa
65%
Dome of the Rock Israel/Palestine
58%
Giants Causeway UK
58%
Mount Eden crater New Zealand
35%
The Palace of Parliament Romania
19%
No matching quizzes found
Score Distribution
Percent of People with Each Score
Percentile by Number Answered
Your Score History
You have not taken this quiz since the last reset